000 00659nam a2200205 a 4500
003 BD-DhJNU
005 20250428042858.0
008 250401s1964 ii a b 001 0 eng
040 _aBD-DhJNU
_bENG
_cBD-DhJNU
_dBD-DhJNU
082 0 0 _a301 MII
_223
100 1 _aMiller, Delbert C.
245 1 0 _aIndustrial sociology :
_bthe sociology of work organizations /
_cDelbert C. Miller and William H. Form
250 _a2th ed.
260 _aNew York :
_bHarper & Row,
_c1964.
300 _axxii, 873 p. :
_bill. ;
_c23 cm.
504 _aIncludes bibliographical references and index.
650 0 _aIndustrial sociology
700 1 _aForm, William H.
942 _cBK
999 _c1630
_d1630